Представление документа в формате RUSMARC

ПолеНазваниеЗначение
  Тип записи a
  Библиографический уровень a
001 Контрольный номер RU/CBS_Ul/BASE/513957607
005 Дата корректировки 20250124011039.1
100 Данные общей обработки __
a Данные общей обработки 20160414d2016 ||| 0rusy0189 ca
101 Язык документа 0_
a Язык текста rus
102 Страна публикации __
a Страна публикации RU
105 Кодированные данные (монография) __
a Кодированные данные (монография) y###||||000|y
200 Заглавие и сведения об ответственности 1_
a Заглавие Закалённые войной
b Общее обозначение материала Текст
e Сведения, относящиеся к заглавию [о детях войны, ветеранах Ульяновского моторного завода, рассказала руководитель музея трудовой славы предприятия Марина Таратынова]
f Первые сведения об ответственности Е. Титов
300 Общие примечания __
a Общие примечания Ограничения по возрасту - 16+
461 Уровень набора _0
1 2000
a Народная газета
463 Уровень физической единицы _0
1 001RU/CBS_Ul/BASE/513947737
1 2000
a № 15 (13 апр.)
v С. 23
1 210
d 2016
600 Персоналии _0
a Персоналии (Фамилия) Таратынова
b Персоналии (Имя, инициалы) М. В.
600 Персоналии _0
a Персоналии (Фамилия) Копшуков
b Персоналии (Имя, инициалы) В. П.
600 Персоналии _0
a Персоналии (Фамилия) Триханов
b Персоналии (Имя, инициалы) В.
606 Тематические рубрики 0_
a Основная рубрика "Дети войны" - Великая Отечественная война - 1941 - 1945 - Ульяновская область
606 Тематические рубрики 0_
a Основная рубрика Ульяновский моторный завод - История
610 Ключевые слова 0_
a Ключевые слова Великая Отечественная война
610 Ключевые слова 0_
a Ключевые слова ВОВ
610 Ключевые слова 0_
a Ключевые слова военное детство
610 Ключевые слова 0_
a Ключевые слова дети войны
610 Ключевые слова 0_
a Ключевые слова Ульяновский моторный завод
686 Индексы других классификаций __
a Классификационный индекс 63.3(2)622
2 Код системы ББК
700 Автор _1
a Фамилия Титов
b Имя (инициалы) Е.
801 Источник записи _0
a Страна RU
b Организация МБУК ЦБС г. Ульяновска
c Дата составления 20160414
g Правила каталогизации RCR
801 Источник записи _1
a Страна RU
b Организация МБУК ЦБС г. Ульяновска
c Дата составления 20160414
g Правила каталогизации RCR
901 Тип документа __
t Тип документа f
w Контрольный № источника RU/CBS_Ul/BASE/513947737
910 Корректоры записи __
a Корректор записи Сидоркина
938 Служебная информация __
a Имя БД kraeved